Polar geoscience.

Bibliographic Details
Previous Title:Proceedings of the NIPR Symposium on Antarctic Geosciences
Corporate Authors: Kokuritsu Kyokuchi Kenkyūjo, Symposium on Antarctic Geosciences
Format: Conference Proceeding
Language:English
Published: Tokyo : National Institute of Polar Research, [1998-]
Subjects:
Online Availability: Check for online availability

MARC

Tag First Indicator Second Indicator Subfields
LEADER 00000cas a2200000 a 4500
001 in00001487913
005 20151021070823.0
008 990316c19989999ja uu 1 0eng d
010 |a sn 99047437  
022 |a 1344-3194 
035 |a (OCoLC)40967049 
035 |9 AJH0966AM 
040 |a CUS  |c CUS  |d WAU  |d TXA  |d UtOrBLW 
042 |a lcd 
043 |a t------ 
049 |a TXAE 
090 |a QE350  |b .P762 
245 0 0 |a Polar geoscience. 
264 1 |a Tokyo :  |b National Institute of Polar Research,  |c [1998-] 
264 4 |c ©1998- 
300 |a volumes :  |b illustrations, maps ;  |c 26 cm. 
336 |a text  |b txt  |2 rdacontent 
337 |a unmediated  |b n  |2 rdamedia 
338 |a volume  |b nc  |2 rdacarrier 
362 0 |a No. 11 (Oct. 1998)- 
500 |a Title from cover. 
500 |a No. 11- consists of papers presented at the 17th- Symposium on Antarctic Geosciences held at the National Institute of Polar Research. 
650 0 |a Earth sciences  |z Antarctica  |v Congresses. 
650 0 |a Geology  |v Congresses. 
650 0 |a Earth sciences  |v Congresses. 
710 2 |a Kokuritsu Kyokuchi Kenkyūjo. 
711 2 |a Symposium on Antarctic Geosciences. 
780 0 0 |t Proceedings of the NIPR Symposium on Antarctic Geosciences  |x 0914-2029  |w (DLC) 89642411  |w (OCoLC)17980695 
948 |a c:co  |a t2 
999 |a MARS 
999 f f |s b6408ec8-5cec-3cf7-aa24-85c27f9a00d3  |i f5d80ae5-4224-33cb-8687-ba7cf37773d4  |t 0 
952 f f |a Texas A&M University  |b Rellis Campus  |c Joint Library Facility  |d Remote Storage  |e QE350 .P762  |h Library of Congress classification  |i unmediated -- volume  |k no.19  |l 2006:Oct.  |m A14833994536  |p ric  |s JLF  |t 0 
952 f f |a Texas A&M University  |b Rellis Campus  |c Joint Library Facility  |d Remote Storage  |e QE350 .P762  |h Library of Congress classification  |i unmediated -- volume  |k no.13  |l 2000:Oct.  |m A14827192702  |p ric  |s JLF  |t 0 
952 f f |a Texas A&M University  |b Rellis Campus  |c Joint Library Facility  |d Remote Storage  |e QE350 .P762  |h Library of Congress classification  |i unmediated -- volume  |k no.11  |l 1998:Oct.  |m A14823785341  |p ric  |s JLF  |t 0 
952 f f |a Texas A&M University  |b Rellis Campus  |c Joint Library Facility  |d Remote Storage  |e QE350 .P762  |h Library of Congress classification  |i unmediated -- volume  |k no.15  |l 2002:Oct.  |m A14829876417  |p ric  |s JLF  |t 0 
952 f f |a Texas A&M University  |b Rellis Campus  |c Joint Library Facility  |d Remote Storage  |e QE350 .P762  |h Library of Congress classification  |i unmediated -- volume  |k no.12  |l 1999:Oct.  |m A14826003578  |p ric  |s JLF  |t 0 
952 f f |a Texas A&M University  |b Rellis Campus  |c Joint Library Facility  |d Remote Storage  |e QE350 .P762  |h Library of Congress classification  |i unmediated -- volume  |k no.14  |l 2001:Oct.  |m A14828607938  |p ric  |s JLF  |t 0 
952 f f |a Texas A&M University  |b Rellis Campus  |c Joint Library Facility  |d Remote Storage  |e QE350 .P762  |h Library of Congress classification  |i unmediated -- volume  |k no.16  |l 2003:Oct.  |m A14830688924  |p ric  |s JLF  |t 0 
952 f f |a Texas A&M University  |b Rellis Campus  |c Joint Library Facility  |d Remote Storage  |e QE350 .P762  |h Library of Congress classification  |i unmediated -- volume  |k no.17  |l 2004:Oct.  |m A14831416948  |p ric  |s JLF  |t 0 
952 f f |a Texas A&M University  |b Rellis Campus  |c Joint Library Facility  |d Remote Storage  |e QE350 .P762  |h Library of Congress classification  |i unmediated -- volume  |k no.18  |l 2005:Oct.  |m A14833409727  |p ric  |s JLF  |t 0 
998 f f |a QE350 .P762  |s no.11-19 (1998-2006:Oct.)  |t 0  |l Remote Storage